00563nam a2200109Ia 4500008004100000020001800041100009900059245020200158260002700360650001300387856005300400171212s9999 xx 000 0 und d a9780833087492 aStraus, Susan G.;Shanley, Michael G.;Sims, Carra S.;Hallmark, Bryan W.;Saavedra, Anna Rosefsky cStraus, Susan G.;Shanley, Michael G.;Sims, Carra S.;Hallmark, Bryan W.;Saavedra, Anna RosefskyaInnovative Leader DevelopmentbEvaluation of the U.S. Army Asymmetric Warfare Adaptive Leader Program bRAND Corporationc2014 aBusiness uhttp://www.jstor.org/stable/10.7249/j.ctt14bs1vn